|
|
|
|
| LEADER |
01021nam a2200265 a 4500 |
| 001 |
13074468 |
| 008 |
090717s2004 nyu b 001 0 eng d |
| 999 |
|
|
|c 2897
|d 2897
|
| 010 |
|
|
|a 2003041942
|
| 020 |
|
|
|a 0195166094 (acid-free paper)
|
| 040 |
|
|
|a DLC
|c DLC
|d DLC
|
| 082 |
0 |
0 |
|a 907.2
|2 21
|
| 100 |
1 |
|
|a Storey, William Kelleher.
|9 31331
|
| 245 |
1 |
0 |
|a Writing history :
|b a guide for students /
|c William Kelleher Storey.
|
| 250 |
|
|
|a 2nd ed.
|
| 260 |
|
|
|a New York :
|b Oxford University Press,
|c 2004.
|
| 300 |
|
|
|a viii, 120 p. ;
|c 21 cm.
|
| 504 |
|
|
|a Includes bibliographical references (p. 113-116) and index.
|
| 541 |
1 |
|
|e 00013957
|
| 650 |
|
0 |
|a History
|x Research.
|9 31332
|
| 650 |
|
0 |
|a Academic writing.
|9 31333
|
| 650 |
|
0 |
|a Historiography.
|9 31334
|
| 852 |
4 |
|
|a Ayesha Abed Library
|j General Shelf.
|
| 942 |
|
|
|2 ddc
|c BK
|
| 952 |
|
|
|0 0
|1 0
|2 ddc
|4 0
|6 907_200000000000000_STO
|7 0
|9 2631
|a BRACUL
|b BRACUL
|c GEN
|d 2005-12-08
|e Friends Book Corrner, Dhaka.
|g 304.00
|l 6
|m 6
|o 907.2 STO
|p 3010013957
|r 2019-05-29
|s 2019-05-22
|t 1
|w 2009-07-27
|y BK
|